[Event "Regionalliga NO 0809"]
[Site "Bayern"]
[Date "2009.03.29"]
[Round "9.8"]
[White "Stephan, Michael"]
[Black "Roesch, Lothar"]
[Result "0-1"]
[WhiteElo "1716"]
[BlackElo "1984"]
[PlyCount "61"]
[EventDate "2008.10.05"]
[EventType "team-tourn"]
[EventRounds "9"]
[EventCountry "GER"]
[SourceTitle "EXT 2020"]
[Source "ChessBase"]
[SourceDate "2019.10.17"]
[SourceVersion "1"]
[SourceVersionDate "2019.10.17"]
[SourceQuality "1"]
[WhiteTeam "Forchheim II"]
[BlackTeam "Altensittenbach"]
[WhiteTeamCountry "GER"]
[BlackTeamCountry "GER"]

1. e4 c5 2. c3 e6 3. Nf3 Nc6 4. Na3 a6 5. Nc2 d5 6. exd5 Qxd5 7. Ne3 Qd8 8. Qc2 Nf6 9. Be2 Be7 10. 0-0 0-0 11. Rd1 Qc7 12. b3 Rd8 13. Bb2 b6 14. Rac1 Bb7 15. a3 Rac8 16. h3 b5 17. Ra1 Qb6 18. c4 Nd4 19. Bxd4 cxd4 20. Nf1 Ne4 21. Bd3 f5 22. Ng3 Nxg3 23. fxg3 Qd6 24. Kf2 Bf6 25. Qa2 bxc4 26. bxc4 Rc5 27. Rab1 Bc8 28. Qc2 g6 29. Qb3 e5 30. Qb6 e4 31. Be2 0-1

[Event "Regionalliga NO 0809"]
[Site "Bayern"]
[Date "2008.12.14"]
[Round "4.7"]
[White "Borel, Markus"]
[Black "Roesch, Lothar"]
[Result "1/2-1/2"]
[WhiteElo "1872"]
[BlackElo "1984"]
[PlyCount "21"]
[EventDate "2008.10.05"]
[EventType "team-tourn"]
[EventRounds "9"]
[EventCountry "GER"]
[SourceTitle "EXT 2020"]
[Source "ChessBase"]
[SourceDate "2019.10.17"]
[SourceVersion "1"]
[SourceVersionDate "2019.10.17"]
[SourceQuality "1"]
[WhiteTeam "Grossenseebach"]
[BlackTeam "Altensittenbach"]
[WhiteTeamCountry "GER"]
[BlackTeamCountry "GER"]

1. g3 d5 2. Bg2 c5 3. d3 Nc6 4. e4 Nf6 5. Nc3 d4 6. Nce2 e5 7. f4 Bd6 8. f5 b5 9. Nf3 0-0 10. 0-0 c4 11. h3 1/2-1/2

[Event "Landesliga Nord 0405"]
[Site "Bayern"]
[Date "2004.11.28"]
[Round "3.7"]
[White "Roesch, Lothar"]
[Black "Wilfert, Andre"]
[Result "1/2-1/2"]
[WhiteElo "2015"]
[BlackElo "1964"]
[PlyCount "41"]
[EventDate "2004.10.24"]
[EventType "team-tourn"]
[EventRounds "9"]
[EventCountry "GER"]
[SourceTitle "EXT 2008"]
[Source "ChessBase"]
[SourceDate "2007.11.25"]
[SourceVersion "1"]
[SourceVersionDate "2007.11.25"]
[SourceQuality "1"]
[WhiteTeam "Altensittenbach"]
[BlackTeam "Marktleuthen"]
[WhiteTeamCountry "GER"]
[BlackTeamCountry "GER"]

1. d4 Nf6 2. c4 g6 3. g3 Bg7 4. Bg2 d5 5. cxd5 Nxd5 6. e4 Nb6 7. Ne2 0-0 8. 0-0 Na6 9. Nbc3 c5 10. d5 e6 11. dxe6 Bxe6 12. Nf4 Bc4 13. Re1 Nb4 14. Be3 Qc7 15. a3 Rad8 16. Qc1 Nd3 17. Nxd3 Bxd3 18. Bg5 Rd4 19. Be3 Rdd8 20. Bg5 Rd4 21. Be3 1/2-1/2

[Event "Landesliga Nord 0304"]
[Site "Bayern"]
[Date "2004.02.15"]
[Round "6.8"]
[White "Roesch, Lothar"]
[Black "Elbert, Thomas"]
[Result "1-0"]
[WhiteElo "2001"]
[BlackElo "1673"]
[PlyCount "91"]
[EventDate "2003.10.??"]
[EventType "team"]
[EventRounds "9"]
[EventCountry "GER"]
[SourceTitle "EXT 2006"]
[Source "ChessBase"]
[SourceDate "2005.11.24"]
[SourceVersion "1"]
[SourceVersionDate "2005.11.24"]
[SourceQuality "1"]
[WhiteTeam "Asittenbach"]
[BlackTeam "Sailauf"]
[WhiteTeamCountry "GER"]
[BlackTeamCountry "GER"]

1. d4 Nf6 2. g3 d5 3. c4 c6 4. Bg2 dxc4 5. a4 Bf5 6. Nc3 h6 7. e4 Bh7 8. Nge2 e6 9. 0-0 Bb4 10. Be3 0-0 11. Qc2 Nd5 12. Bd2 Nxc3 13. bxc3 Bd6 14. Qa2 Nd7 15. Qxc4 Bc7 16. Rfb1 Rb8 17. Rb2 Nf6 18. f3 Qd7 19. Nc1 Rfd8 20. Nd3 b5 21. Qa2 bxa4 22. Rxb8 Rxb8 23. Qxa4 a5 24. Nc5 Qd8 25. Qxc6 Rb2 26. Bc1 Rb6 27. Qa4 Rb8 28. Na6 Ra8 29. Nxc7 Qxc7 30. Bd2 Qb6 31. Qc2 Rd8 32. Rb1 Qa7 33. Bf1 Nd5 34. Bd3 Nb6 35. Qb3 Rb8 36. Qa3 Ra8 37. Be3 Qc7 38. c4 Bg6 39. c5 Nd7 40. Rb5 Nb8 41. Qa4 f6 42. Rb6 Bf7 43. Bb5 Ra7 44. Kg2 Kf8 45. d5 exd5 46. Bf4 1-0